000 00471cam a2200193ua 4500
001 10697
005 20260515114642.0
008 190327n ii |||gr||||Z||||||eng
020 _a9789385676130
040 _cMAIN
082 _a338.5
100 _aH L Ahuja,
_eAuthor.
245 _aModern microeconomics
_btheory and applications
250 _a19th rev.
260 _aNew Delhi:
_bS chand & company,
_c2016.
300 _a957p.
653 _aProduction
942 _cBK
999 _c9658
_d9658